愛知県の市区町村(1960年) - Statistics

General Stats
  • This quiz has been taken 64 times
  • The average score is 84 of 118
Answer Stats
No. 政令市/郡 市町村 備考 % Correct
1 名古屋市
100%
1-3 名古屋市 北区
96%
1-4 名古屋市 西区
96%
1-5 名古屋市 中村区
96%
1-9 名古屋市 熱田区
96%
1-2 名古屋市 東区
93%
1-6 名古屋市 中区
93%
1-11 名古屋市 港区
93%
1-12 名古屋市 南区
93%
2 豊橋市
93%
8 豊川市
93%
17 常滑市
93%
23 新城市
93%
1-10 名古屋市 中川区
89%
3 岡崎市
89%
6 半田市
89%
7 春日井市
89%
12 豊田市
89%
21 小牧市
89%
1-1 名古屋市 千種区
85%
4 一宮市
85%
9 津島市
85%
15 蒲郡市
85%
18 守山市 1963年消滅
85%
22 稲沢市
85%
28 愛知郡 長久手村 1971年昇格
85%
50 海部郡 飛島村
85%
51 海部郡 弥富町 2006年昇格
85%
56 知多郡 阿久比町
85%
58 知多郡 大府町 1970年昇格
85%
90 北設楽郡 設楽町
85%
92 北設楽郡 豊根村
85%
104 渥美郡 田原町 2003年昇格
85%
1-8 名古屋市 瑞穂区
81%
10 碧南市
81%
13 安城市
81%
14 西尾市
81%
16 犬山市
81%
20 尾西市 2005年消滅
81%
26 愛知郡 東郷村 1970年昇格
81%
36 西春日井郡 清洲町 2005年消滅
81%
39 丹羽郡 扶桑町
81%
48 海部郡 蟹江町
81%
63 知多郡 知多町 1970年昇格
81%
91 北設楽郡 東栄町
81%
106 渥美郡 渥美町 2005年消滅
81%
5 瀬戸市
78%
25 愛知郡 豊明町 1972年昇格
78%
27 愛知郡 日進町 1994年昇格
78%
31 西春日井郡 豊山村 1972年昇格
78%
38 丹羽郡 大口村 1962年昇格
78%
40 丹羽郡 岩倉町 1971年昇格
78%
47 海部郡 大治村 1975年昇格
78%
52 海部郡 佐屋町 2005年消滅
78%
57 知多郡 東浦町
78%
69 知多郡 美浜町
78%
70 知多郡 武豊町
78%
71 碧海郡 高浜町 1970年昇格
78%
80 額田郡 幸田町
78%
1-7 名古屋市 昭和区
74%
11 刈谷市
74%
29 東春日井郡 旭町 1970年昇格
74%
41 葉栗郡 木曽川町 2005年消滅
74%
76 碧海郡 知立町 1970年昇格
74%
81 額田郡 額田町 2006年消滅
74%
82 西加茂郡 三好町 2010年昇格
74%
93 北設楽郡 富山村 2005年消滅
74%
100 宝飯郡 小坂井町 2010年消滅
74%
78 幡豆郡 吉良町 2011年消滅
70%
79 幡豆郡 幡豆町 2011年消滅
70%
83 西加茂郡 猿投町 1967年消滅
70%
101 宝飯郡 御津町 2008年消滅
70%
19 江南市
67%
34 西春日井郡 西春村 1963年昇格
67%
44 海部郡 七宝村 1966年昇格
67%
46 海部郡 甚目寺町 2010年消滅
67%
49 海部郡 十四山村 2006年消滅
67%
64 知多郡 内海町 1961年消滅
67%
95 北設楽郡 稲武町 2003年郡変更
67%
96 南設楽郡 鳳来町 2005年消滅
67%
105 渥美郡 赤羽根町 2003年消滅
67%
30 西春日井郡 西枇杷島町 2005年消滅
63%
42 中島郡 祖父江町 2005年消滅
63%
55 海部郡 佐織町 2005年消滅
63%
77 幡豆郡 一色町 2011年消滅
63%
86 東加茂郡 足助町 2005年消滅
63%
99 宝飯郡 一宮村 1961年昇格
63%
33 西春日井郡 師勝村 1961年昇格
59%
45 海部郡 美和町 2010年消滅
59%
62 知多郡 横須賀町 1969年消滅
59%
85 西加茂郡 小原村 2005年消滅
59%
89 東加茂郡 旭村 1967年昇格
59%
97 南設楽郡 作手村 2005年消滅
59%
98 宝飯郡 音羽町 2008年消滅
59%
35 西春日井郡 春日村 1990年昇格
56%
37 西春日井郡 新川町 2005年消滅
56%
54 海部郡 八開村 2005年消滅
56%
24 愛知郡 鳴海町 1963年消滅
52%
60 知多郡 大高町 1964年消滅
52%
84 西加茂郡 藤岡村 1978年昇格
52%
94 北設楽郡 津具村 2005年消滅
52%
43 中島郡 平和町 2005年消滅
48%
53 海部郡 立田村 2005年消滅
48%
66 知多郡 師崎町 1961年消滅
48%
88 東加茂郡 下山村 2005年消滅
48%
59 知多郡 有松町 1964年消滅
41%
67 知多郡 篠島村 1961年消滅
41%
68 知多郡 日間賀島村 1961年消滅
41%
72 碧海郡 桜井町 1967年消滅
41%
61 知多郡 上野町 1969年消滅
37%
65 知多郡 豊浜町 1961年消滅
33%
75 碧海郡 高岡町 1965年消滅
33%
87 東加茂郡 松平村 1961年昇格
33%
73 碧海郡 六ツ美町 1962年消滅
30%
102 宝飯郡 形原町 1962年消滅
30%
103 宝飯郡 西浦町 1963年消滅
30%
32 西春日井郡 北里村 1963年消滅
26%
74 碧海郡 上郷村 1961年昇格
26%
No matching quizzes found
Score Distribution
Percent of People with Each Score
Percentile by Number Answered
Your Score History
You have not taken this quiz